2021-2022 UEFA Champions League Teams - Statistics

General Stats
  • This quiz has been taken 277 times
  • The average score is 26 of 32
Answer Stats
Team % Correct
Chelsea
98%
Real Madrid
98%
Bayern Munich
97%
Liverpool
97%
Manchester City
97%
Manchester United
97%
Barcelona
96%
Juventus
95%
Atlético Madrid
94%
Borussia Dortmund
94%
Inter Milan
94%
Milan
94%
Paris Saint-Germain
93%
Benfica
88%
Porto
88%
Ajax
85%
RB Leipzig
83%
Sevilla
83%
Lille
79%
Sporting CP
79%
Villarreal
79%
Atalanta
76%
Shakhtar Donetsk
75%
Dynamo Kyiv
72%
Red Bull Salzburg
69%
Club Brugge
68%
Young Boys
66%
Zenit Saint Petersburg
64%
Sheriff Tiraspol
63%
VfL Wolfsburg
61%
Malmö FF
58%
Beşiktaş
54%
No matching quizzes found
Score Distribution
Percent of People with Each Score
Percentile by Number Answered
Your Score History
You have not taken this quiz